Nazewnictwo na pograniczach
| Titel: | Nazewnictwo na pograniczach / pod red. Jolanty Ignatowicz-Skowrońskiej |
|---|---|
| Beteiligt: | |
| Veröffentlicht: | Szczecin, 2005 |
| Umfang: | 449 Seiten |
| Format: | Buch |
| Sprache: | Polnisch |
| Schriftenreihe/ mehrbändiges Werk: |
Rozprawy i studia / Uniwersytet Szczeciński ; 660 = 586 |
| ISBN: | 8372414912 |
| Hinweise zum Inhalt: |
Inhaltsverzeichnis
|
alg: 17819341 001A $00030:19-05-06 001B $01999:10-03-25 $t08:08:03.000 001D $00030:19-05-06 001U $0utf8 001X $00 002@ $0Aay 002C $aText $btxt $2rdacontent 002D $aohne Hilfsmittel zu benutzen $bn $2rdamedia 002E $aBand $bnc $2rdacarrier 003@ $0178193410 003O $065180809 $aOCoLC 004A $083-7241-491-2 007A $0178193410 $aHEB 007T $0Herdww029799 009P $qapplication/pdf $A2 $3Inhaltsverzeichnis $uhttp://scans.hebis.de/HEBCGI/show.pl?17819341_toc.pdf $mV:DE-604 010@ $apol 011@ $a2005 013D $#Beiträge Formschlagwort $#Einzelbeiträge $#Sammelwerk Formschlagwort $74143413-4 $8Aufsatzsammlung [Ts1] $9085562742 021A $aNazewnictwo na pograniczach $hpod red. Jolanty Ignatowicz-Skowrońskiej 027A $aNaming in borderlands 028C $D20231015 $Ecgwrk $8Ignatowicz-Skowrońska, Jolanta [Tp3] $9479390231 033A $pSzczecin 034D $a449 Seiten 036E $aRozprawy i studia / Uniwersytet Szczeciński $l660 = 586 036F $x3660 $8Rozprawy i studia / Uniwersytet Szczeciński $9010590161 $l660 = 586 044K $RName $#Names, Personal $#Noms de personnes $#Anthroponym $#Persönlicher Name $74045285-2 $8Personenname [Ts1] $9085127051 044K $RName $#Names, Geographical $#Noms géographiques $#Nombres geográficos $#Geographischer Name $#Geografische Onomatologie $#Geografische Namen $74130377-5 $8Geografischer Name [Ts1] $9085460664 lok: 17819341 3 101B $019-05-06 $t11:53:41.000 101C $019-05-06 145S/01 $a036 145S/06 $a711 101U $0utf8 exp: 17819341 3 1 #EPN 201B/01 $019-05-06 $t11:53:41.000 201C/01 $019-05-06 203@/01 $0397446888 208@/01 $a19-05-06 $bzAa 209A/01 $a88.105.85 $du $f000 $h88 105 85 $x00 209G/01 $a88105850 $x00 247C/01 $8601000-3 <30>Frankfurt, Universitätsbibliothek J. C. Senckenberg, Zentralbibliothek (ZB) $9102598258 201U/01 $0utf8 lok: 17819341 78 exp: 17819341 78 1 #EPN 201B/01 $019-04-17 $t15:33:40.000 201U/01 $0utf8 203@/01 $0792398688 208@/01 $a12-11-16 $be 209A/01 $a/ $f000 $x00 220C/01 $aTitelaufnehmer: BN 220C/01 $aHerkunft: IH UWr 237A/01 $aRes.: 451 244Z/01 $2Trx $#Poola $#Lenkija $#Polija $#Polen Land $#Poland $#Lengyelország $#Poľsko $#Polsko $8--Trx--Polska$gkraj $x01 $9391345966 244Z/01 $2Trx $#dzieło zbiorowe $8--Trx--Sammelwerk $x02 $9391384597 245Z/01 $a01.03 $x01 247C/01 $82080>Marburg/Lahn, Herder-Institut, Forschungsbibliothek, Bibliographieportal $9336309341
| LEADER | 00000cam a22000002c 4500 | ||
|---|---|---|---|
| 001 | 178193410 | ||
| 003 | DE-603 | ||
| 005 | 20250310080803.0 | ||
| 007 | tu | ||
| 008 | 060519s2005 xx |||| | u00||u|pol c | ||
| 020 | |a 8372414912 | ||
| 035 | |a (DE-599)HEB178193410 | ||
| 035 | |a (OCoLC)65180809 | ||
| 040 | |a DE-603 |b ger |c DE-603 |d DE-603 | ||
| 041 | |a pol | ||
| 245 | 0 | 0 | |a Nazewnictwo na pograniczach |c pod red. Jolanty Ignatowicz-Skowrońskiej |
| 246 | 1 | 3 | |a Naming in borderlands |
| 264 | 1 | |a Szczecin |c 2005 | |
| 300 | |a 449 Seiten | ||
| 336 | |a Text |b txt |2 rdacontent | ||
| 337 | |a ohne Hilfsmittel zu benutzen |b n |2 rdamedia | ||
| 338 | |a Band |b nc |2 rdacarrier | ||
| 490 | 1 | |a Rozprawy i studia / Uniwersytet Szczeciński |v 660 = 586 | |
| 650 | 7 | |a Personenname |0 (DE-588)4045285-2 |0 (DE-603)085127051 |2 gnd | |
| 650 | 7 | |a Geografischer Name |0 (DE-588)4130377-5 |0 (DE-603)085460664 |2 gnd | |
| 655 | 7 | |a Aufsatzsammlung |2 gnd-content |0 (DE-588)4143413-4 |0 (DE-603)085562742 | |
| 700 | 1 | |a Ignatowicz-Skowrońska, Jolanta |0 (DE-603)479390231 |0 (DE-588)1233812009 |2 gnd | |
| 810 | 2 | 2 | |a Uniwersytet Szczeciński |t Rozprawy i studia |v 660 = 586 |w (DE-603)010590161 |w (DE-600)1105103-6 |9 3660 |7 as |
| 856 | 4 | 2 | |m V:DE-604 |q application/pdf |u http://scans.hebis.de/HEBCGI/show.pl?17819341_toc.pdf |3 Inhaltsverzeichnis |
| 924 | 0 | |9 30 |a (DE-603)397446888 |b DE-30 |c HES |d c |g 88.105.85 | |
| 924 | 0 | |9 2080 |a (DE-603)792398688 |b DE-2080 |c HES |d d |g / | |


